| 000 | 00464nam a2200181Ia 4500 | ||
|---|---|---|---|
| 001 | 17455 | ||
| 005 | 20260306171518.0 | ||
| 008 | 260306s9999||||xx |||||||||||||| ||und|| | ||
| 041 | _aESP | ||
| 082 |
_a658 _bF48 |
||
| 100 |
_aFernández Sánchez Esteban _eAUT |
||
| 245 | 0 |
_aAdministración de empresas: _bun enfoque interdisciplinar |
|
| 260 | _c2010 | ||
| 300 |
_aix, 840 páginas : _c26 cm. |
||
| 650 | _aGEN | ||
| 654 | _aCAN | ||
| 942 |
_cLIB _dJUS _fJUS _2ddc _n |
||
| 999 |
_c17455 _d17455 |
||